<?xml version="1.0" encoding="UTF-8"?><?xml-stylesheet type="text/xsl" href="static/style.xsl"?><OAI-PMH xmlns="http://www.openarchives.org/OAI/2.0/" xmlns:xsi="http://www.w3.org/2001/XMLSchema-instance" xsi:schemaLocation="http://www.openarchives.org/OAI/2.0/ http://www.openarchives.org/OAI/2.0/OAI-PMH.xsd"><responseDate>2026-06-01T17:20:11Z</responseDate><request verb="GetRecord" identifier="oai:riuma.uma.es:10630/32637" metadataPrefix="marc">https://riuma.uma.es/rest/oai/request</request><GetRecord><record><header><identifier>oai:riuma.uma.es:10630/32637</identifier><datestamp>2026-02-03T11:02:36Z</datestamp><setSpec>com_10630_2254</setSpec><setSpec>col_10630_37953</setSpec></header><metadata><record xmlns="http://www.loc.gov/MARC21/slim" xmlns:dcterms="http://purl.org/dc/terms/" xmlns:doc="http://www.lyncode.com/xoai" xmlns:xsi="http://www.w3.org/2001/XMLSchema-instance" xsi:schemaLocation="http://www.loc.gov/MARC21/slim http://www.loc.gov/standards/marcxml/schema/MARC21slim.xsd">
   <leader>00925njm 22002777a 4500</leader>
   <datafield ind2=" " ind1=" " tag="042">
      <subfield code="a">dc</subfield>
   </datafield>
   <datafield ind2=" " ind1=" " tag="720">
      <subfield code="a">Palomares-Linares, Isabel</subfield>
      <subfield code="e">author</subfield>
   </datafield>
   <datafield ind2=" " ind1=" " tag="720">
      <subfield code="a">Fuster-González, Nayla Denisse</subfield>
      <subfield code="e">author</subfield>
   </datafield>
   <datafield ind2=" " ind1=" " tag="720">
      <subfield code="a">Susino Arbucias, Joaquín</subfield>
      <subfield code="e">author</subfield>
   </datafield>
   <datafield ind2=" " ind1=" " tag="260">
      <subfield code="c">2018</subfield>
   </datafield>
   <datafield ind2=" " ind1=" " tag="520">
      <subfield code="a">En el desarrollo urbano, la movilidad de la población siempre ha jugado un papel esencial. Pero la inmovilidad residencial, ya  sea  libremente  elegida  o  impuesta,  también  debe  ser  tenida  en  cuenta  en  los  procesos  de  reconfiguración  social urbana. Por ello, aunque el interés aca-démico  se  ha  centrado  en  la  movilidad,  en este trabajo indagamos en el seden-tarismo residencial urbano. Nos interesa saber en qué medida las trayectorias de inmovilidad  están  influenciadas  por  las características  sociales  del  barrio  así  como  por  los  lazos  sociales  que  esta-blecemos en el mismo. Con microdatos de una encuesta del área metropolitana de Granada de 2008 y mediante mode-los  de  regresión,  nuestros  resultados  indican que residir en zonas deprimidas aumenta  las  probabilidades  de  perma-necer allí por más tiempo. La presencia de redes sociales es también un potente conductor de las historias de sedentaris-mo, señalando la relevancia de este tipo de factores a la hora de entender cómo se  fraguan  pautas  de  reproducción  so-cioespacial urbana.</subfield>
   </datafield>
   <datafield ind1="8" ind2=" " tag="024">
      <subfield code="a">Palomares-Linares, Isabel; Fuster, Nayla y Susino-Arbucias, Joaquín (2018). “El “efecto barrio” en la inmovilidad residencial en Granada”. ANDULI, Revista Andaluza de Ciencias Sociales 17, 23-46. http://dx.doi.org/10.12795/anduli.2018.i17.02</subfield>
   </datafield>
   <datafield ind1="8" ind2=" " tag="024">
      <subfield code="a">https://hdl.handle.net/10630/32637</subfield>
   </datafield>
   <datafield ind1="8" ind2=" " tag="024">
      <subfield code="a">10.12795/anduli.2018.i17.02</subfield>
   </datafield>
   <datafield tag="653" ind2=" " ind1=" ">
      <subfield code="a">Viviendas - Aspectos sociales</subfield>
   </datafield>
   <datafield ind2="0" ind1="0" tag="245">
      <subfield code="a">El "efecto barrio" en la inmobilidad residencial en Granada</subfield>
   </datafield>
</record>
</metadata></record></GetRecord></OAI-PMH>